| 000 | 00662nam a2200205 u 4500 | ||
|---|---|---|---|
| 005 | 20250115154213.0 | ||
| 008 | 130424s2011 r 000 0 eng d | ||
| 020 | _a9788524917431 | ||
| 035 | _aUPN01000190826 | ||
| 049 | _aCG | ||
| 050 | 4 |
_aLA556 _bA5.8 |
|
| 245 | 0 | 0 |
_aAnuário educativo brasileiro : _bvisao retrospectiva / _ccoord. Guadelupe Teresinha Bertussi. |
| 260 |
_aSao Paulo : _bCortez, _cc2011. |
||
| 300 |
_a453 p. : _bcuadros, tablas, gráfs. |
||
| 650 | 4 |
_aEducación _zBrasil _xHistoria _915031 |
|
| 650 | 4 |
_aEducación _zBrasil _vAnuarios _922313 |
|
| 700 | 1 |
_aTeresinha Bertussi, Guadelupe, _ecoord. |
|
| 905 | _aLibro | ||
| 999 |
_c162929 _d162929 |
||